|
|
|
|
| LEADER |
01178naa a2200241 i 4500 |
| 001 |
acta84445 |
| 005 |
20240207142146.0 |
| 008 |
240207s2024 hu o 100 eng d |
| 024 |
7 |
|
|a 10.14232/syrptbrs.2024.61
|2 doi
|
| 040 |
|
|
|a SZTE Egyetemi Kiadványok Repozitórium
|b hun
|
| 041 |
|
|
|a eng
|
| 100 |
1 |
|
|a Mohammad Hanan
|
| 245 |
1 |
0 |
|a Development of functionalized protein-based nanoparticles for improved drug delivery of antineurodegenerative drugs
|h [elektronikus dokumentum] :
|b [abstract] /
|c Mohammad Hanan
|
| 260 |
|
|
|c 2024
|
| 300 |
|
|
|a 61
|
| 490 |
0 |
|
|a Symposium of Young Researchers on Pharmaceutical Technology, Biotechnology and Regulatory Science
|v 6
|
| 650 |
|
4 |
|a Orvos- és egészségtudomány
|
| 650 |
|
4 |
|a Általános orvostudomány
|
| 695 |
|
|
|a Gyógyszertechnológia - előadáskivonat, Gyógyszerkutatás - előadáskivonat, Biotechnológia - előadáskivonat
|
| 700 |
0 |
1 |
|a Katona Gábor
|e aut
|
| 700 |
0 |
1 |
|a Csóka Ildikó
|e aut
|
| 711 |
|
|
|a VI. Symposium of Young Researchers on Pharmaceutical Technology, Biotechnology and Regulatory Science
|c Szeged
|d 2024. január 24-26.
|
| 856 |
4 |
0 |
|u http://acta.bibl.u-szeged.hu/84445/1/syrptbrs_2024_061.pdf
|z Dokumentum-elérés
|